Исследование кинетики сушки некоторых фармпрепаратов в статических условиях и виброаэрокипящем слое. [Книга I]: Заключительный отчет о НИР; Тема : 4 - 8/73

Dettagli Bibliografici
Ente Autore: Томский политехнический институт (ТПИ) (595)
Altri autori: Горбунов В. Ф. Валерий Федорович (руководитель), Швецов В. В. (исполнитель)
Lingua:russo
Pubblicazione: Томск, 1976
Soggetti:
Natura: MixedMaterials Libro
KOHA link:https://koha.lib.tpu.ru/cgi-bin/koha/opac-detail.pl?biblionumber=174789

MARC

LEADER 00000nbm0a2200000 4500
001 174789
005 20231031164920.0
029 0 0 |a SU  |b 74032441  |f ТПУ 
035 |a (RuTPU)RU\TPU\book\189537 
090 |a 174789 
100 |a 20100204d1976 k y0rusy50 ca 
101 0 |a rus 
102 |a RU 
105 |a a p 001zy 
200 1 |a Исследование кинетики сушки некоторых фармпрепаратов в статических условиях и виброаэрокипящем слое. [Книга I]  |e Заключительный отчет о НИР  |e Тема : 4 - 8/73   |f Томский политехнический институт (ТПИ) ; руководитель В. Ф. Горбунов ,В. В. Швецов 
210 |a Томск  |d 1976 
215 |a 18 л. 
320 |a Библиогр.: с. 18. 
610 1 |a сушка 
610 1 |a кинетика 
610 1 |a препараты 
610 1 |a виброаэрокипящий слой 
610 1 |a влагомеры 
610 1 |a вибрация 
610 1 |a отчеты о НИР 
675 |a 66.047(04)  |v 3 
675 |a 615(04)  |v 3 
702 1 |a Горбунов  |b В. Ф.  |g Валерий Федорович  |2 stltpush  |3 (RuTPU)RU\TPU\pers\19777  |4 673 
702 1 |a Швецов  |b В. В.  |4 677 
712 0 2 |a Томский политехнический институт (ТПИ)  |c (1944-1991)  |2 stltpush  |3 (RuTPU)RU\TPU\col\1123  |4 595 
801 1 |a RU  |b 63413507  |c 20100204 
801 2 |a RU  |b 63413507  |c 20100204  |g RCR 
942 |c BK